| 000 | 00937cab a2200253 4500 | ||
|---|---|---|---|
| 001 | WB3128-39 | ||
| 008 | 090401t1995 xxu||||| |||| 00| 0 eng d | ||
| 035 | _a(Sirsi) u35619 | ||
| 041 | _aeng | ||
| 245 | _aCleaning costs on the increase | ||
| 260 | _c1995 | ||
| 350 | _a0 | ||
| 490 |
_aTimes _v19 July 1995, 32(2) |
||
| 520 | _aAccording to the Times-Procord Office Costs Index increasing office and maintenance costs are making it difficult to keep costs down when contracts come up for renewal. Highlights the importance of building maintenance for companies explaining the difference between preventative and reactive maintenance. | ||
| 650 | _aMAINTENANCE COSTS | ||
| 650 | _aOCCUPANCY COSTS | ||
| 650 | _aOFFICES | ||
| 650 | _aPREVENTATIVE MAINTENACE | ||
| 650 | _aRUNNING COSTS | ||
| 650 | _aTIMES/PROCORD OFFICE COSTS INDEX | ||
| 690 | _aOFFICE SERVICES AND ADMINISTRATION | ||
| 942 | _n0 | ||
| 948 | _c04/03/1997 | ||
| 999 |
_c23304 _d23304 |
||